Mobile communications (Record no. 197283)

MARC details
000 -LEADER
fixed length control field 00387nam a2200157Ia 4500
005 - DATE AND TIME OF LATEST TRANSACTION
control field 20250130104622.0
008 - FIXED-LENGTH DATA ELEMENTS--GENERAL INFORMATION
fixed length control field 231217s9999 xx 000 0 und d
020 ## - INTERNATIONAL STANDARD BOOK NUMBER
International Standard Book Number 9788177582635
082 ## - DEWEY DECIMAL CLASSIFICATION NUMBER
Classification number 621.38415 SCH;44
100 ## - MAIN ENTRY--PERSONAL NAME
Personal name Schiller, Jochen H.
245 #0 - TITLE STATEMENT
Title Mobile communications
250 ## - EDITION STATEMENT
Edition statement 2nd ed.
260 ## - PUBLICATION, DISTRIBUTION, ETC. (IMPRINT)
Date of publication, distribution, etc. 2003
Name of publisher, distributor, etc. Pearson Education
Place of publication, distribution, etc. Delhi
300 ## - PHYSICAL DESCRIPTION
Extent 512
942 ## - ADDED ENTRY ELEMENTS (KOHA)
Koha item type Books
Holdings
Date last seen Total Checkouts Full call number Accession number Old discount Price effective from Category Lost status Damaged status Department Withdrawn status Permanent Location Current Location Shelving location Entry date Grants Currency symbol Conversion rate Discount Discount type
26/01/2024   621.38415 SCH;44 90566   26/01/2024 Books     Central Library   Central Library Central Library Central Library 20/05/2016 DONATED RS 1   Rupees
26/01/2024   621.38415 SCH;45 93270   26/01/2024 Books     TC   Central Library Central Library Central Library 28/02/2020 DONATED RS 1   Rupees

© For any Suggestions or Query, please contact the library staff @ librarian@pes.edu or Phone: +9180 2672 1983/ 2108.